000 00511nam a2200193Ia 4500
005 20241203113810.0
008 131103s9999 xx 000 0 und d
020 _a086131006 3
040 _aLoreto College
041 _aEnglish
082 _a900/N
_bKHA
100 _aKhanna, K.C.
245 _aIndia and the world
_b history and civics for middle school
_cK.C.Khanna
260 _aHyderabad
_bOrient longman
_c1988
300 _a126p
_b ill., maps
650 _aHistory
850 _aLCBED
942 _cBK
999 _c29039
_d79518